00000000nam##2200000za#4500
0019.604018
003CaOODSP
00520260128153019
007cr |||||||||||
008150406|1994||||xxc|||||o    f|0| 0 fre|d
022 |a1488-545X
040 |aCaOODSP|bfre
043 |an-cn---
0861 |aFs97-6/2014F-PDF
1102 |aInstitut Maurice-Lamontagne.
24510|aDistribution bathymétrique et saisonnière du crabe commun (Cancer irroratus) au large d'Anse-à-Beaufils, Québec / |h[ressource électronique]|c[par] Louise Gendron et Charley Cyr.
260 |aMont-Joli - Québec : |bPêches et Océans Canada. |cc1994.
300 |a62p.|bgraphiques, cartes, références, tableaux
4901 |aRapport technique canadien des sciences halieutiques et aquatiques|x1488-545X|vN° 2014
500 |aLe n° de catalogue (Fs97-6/2014F) et l'ISSN (0706-6570) de l'édition imprimée ont été incorrectement copiés dans l'édition électronique.
546 |a(Abstract in English)
590 |a12-23-Supp|b2012-05-28
7201 |aCyr, Charley
7201 |aGendron, Louise
7760#|tDistribution bathymétrique et saisonnière du crabe commun (Cancer irroratus) au large d'Anse-à-Beaufils, Québec / |w(CaOODSP)9.623110
830#0|aRapport technique canadien des sciences halieutiques et aquatiques,|x1488-545X|vN° 2014|w(CaOODSP)9.500867
85640|ahttp://publications.gc.ca|qPDF|s2.98 Mo|uhttps://publications.gc.ca/collections/collection_2012/mpo-dfo/Fs97-6-2014-fra.pdf|yN° 2014